| 000 | 00407nam a2200181Ia 4500 | ||
|---|---|---|---|
| 001 | 10399 | ||
| 005 | 20260306161829.0 | ||
| 008 | 260306t1970||||xx |||||||||||||| ||spa|| | ||
| 041 | _aESP | ||
| 082 |
_a923.1 _bP84 |
||
| 100 |
_aPrawdin, Michael _eAUT |
||
| 245 | 0 | _aJuana la loca | |
| 260 | _c1970 | ||
| 300 |
_a239 páginas : _c18 cm. |
||
| 650 | _aGEN | ||
| 654 | _aCHU | ||
| 942 |
_cLIB _dJUS _fJUS _2ddc _n |
||
| 999 |
_c10399 _d10399 |
||